[Event "Sachsen-ch U14"]
[Site "Sebnitz"]
[Date "2012.04.14"]
[Round "7"]
[White "Hummel, Felician"]
[Black "Roth, Nico"]
[Result "0-1"]
[WhiteElo "1538"]
[BlackElo "1149"]
[PlyCount "140"]
[EventDate "2012.04.10"]
[EventType "swiss"]
[EventRounds "7"]
[EventCountry "GER"]
[SourceTitle "CBM 148 Extra"]
[Source "ChessBase"]
[SourceDate "2012.06.22"]
[SourceVersion "1"]
[SourceVersionDate "2012.06.22"]
[SourceQuality "1"]

1. d4 d5 2. Nf3 Nf6 3. e3 Bg4 4. h3 Bh5 5. Bd3 e6 6. Nbd2 Be7 7. 0-0 Nbd7 8. Qe1 0-0 9. c3 c5 10. e4 dxe4 11. Bxe4 Nxe4 12. Qxe4 Qc7 13. Re1 Bg6 14. Qe3 cxd4 15. Nxd4 Bc5 16. N2b3 e5 17. Nxc5 exd4 18. cxd4 Nxc5 19. dxc5 Rac8 20. b4 a5 21. a3 Ra8 22. Bb2 h6 23. Qc3 f6 24. Re3 Rfe8 25. Rg3 Kh7 26. Rc1 Re6 27. b5 Be8 28. b6 Qe7 29. Kh2 Re2 30. Qd3+ Kh8 31. Bd4 Rd8 32. Re3 Rxe3 33. Qxe3 Qxe3 34. Bxe3 Bc6 35. g4 g5 36. Re1 Re8 37. Rd1 Kg7 38. f4 Rxe3 39. fxg5 hxg5 40. Ra1 Rc3 41. Re1 Rxc5 42. Re7+ Kg6 43. Re3 Rb5 44. Rc3 Rxb6 45. Re3 Rb2+ 46. Kg1 b5 47. Rc3 Be8 48. Re3 Bf7 49. Re1 Ra2 50. Rb1 Bc4 51. a4 Rxa4 52. Kf2 Ra2+ 53. Kg3 b4 54. Rc1 Bf7 55. Rc5 b3 56. Rb5 a4 57. h4 gxh4+ 58. Kxh4 b2 59. Rb6 Kg7 60. Rb7 a3 61. g5 fxg5+ 62. Kxg5 Ra1 63. Kf4 b1Q 64. Rxb1 Rxb1 65. Ke3 a2 66. Ke4 a1Q 67. Ke3 Rb4 68. Kd3 Qa3+ 69. Ke2 Rb2+ 70. Kd1 Qa1# 0-1

[Event "Sachsen-ch U14"]
[Site "Sebnitz"]
[Date "2012.04.12"]
[Round "4"]
[White "Birkenheuer, Simon"]
[Black "Roth, Nico"]
[Result "1-0"]
[WhiteElo "1513"]
[BlackElo "1149"]
[PlyCount "53"]
[EventDate "2012.04.10"]
[EventType "swiss"]
[EventRounds "7"]
[EventCountry "GER"]
[SourceTitle "CBM 148 Extra"]
[Source "ChessBase"]
[SourceDate "2012.06.22"]
[SourceVersion "1"]
[SourceVersionDate "2012.06.22"]
[SourceQuality "1"]

1. e4 c5 2. Nc3 d6 3. g3 Nc6 4. Bg2 g6 5. d3 Bg7 6. f4 e6 7. Nf3 Nge7 8. 0-0 a6 9. Rb1 Qc7 10. Ne2 0-0 11. c3 b5 12. Be3 b4 13. d4 cxd4 14. Nfxd4 Rb8 15. Qd2 bxc3 16. Nxc3 Na5 17. b3 e5 18. Nde2 Bg4 19. Rbc1 Bxe2 20. Nxe2 Qd8 21. Rfd1 Nb7 22. Nc3 Qd7 23. Nd5 Nc8 24. Bf1 a5 25. Ba6 Nc5 26. Bxc5 dxc5 27. Nf6+ 1-0